000 00536nam a22001937a 4500
003 OSt
005 20190204171624.0
008 150928b xxu||||| |||| 00| 0 eng d
020 _a9782330000851
040 _c0
050 _a18224
082 _222
_a720.47
100 _aContal, Marie-Helene. and Revedin, Jane.
245 _aSustainable design II :
_btowards a new ethics for architecture and the city /
250 _a1st ed.
260 _aFrance:
_bACTES SUD;
_cc2011.
300 _a185p. ;
_bill. ;
_c28.5 cm.
942 _2ddc
_cAE
_01
999 _c5962
_d5962